000 00741nam a2200217 i 4500
001 185547
003 ES-MaACL
005 20250526063014.0
008 160706s1935 ck |||| | spa d
080 _a821.134.2(861)-82"19"
100 1 _aSuárez, Marco Fidel,
_d1855-1927
_9132977
245 1 0 _aEscritos /
_cpor Marco Fidel Suárez.
260 _aBogotá :
_bMinerva,
_c1935.
300 _a171 p. ;
_c20 cm.
490 1 _aBiblioteca aldeana de Colombia ;
_v3
530 _aDisponible en formato digital.
830 0 _aBiblioteca aldeana de Colombia ;
_v3
_9192338
852 _aES-MaACL
_jC-6996
856 _uhttp://bdh-rd.bne.es/viewer.vm?id=0000086081&page=1
_zBiblioteca Digital Hispánica
999 _c185547
_d185547